000 00209nam a2200097Ia 4500
008 190216s9999||||xx |||||||||||||| ||und||
100 _aM T Vasudevan Nair
245 0 _aVarikuzhi
260 _bNull
942 _cBK
999 _c24387
_d24387